| 000 | 01125cac a22003255a 4500 | ||
|---|---|---|---|
| 005 | 20150817114101.0 | ||
| 008 | 091215t2001 njua||||d|||| 001 0 eng d | ||
| 010 | _a99042977 | ||
| 020 | _a0471178691 (cloth : alk. paper) | ||
| 020 | _a9780471178699 | ||
| 035 | _a(DLC) 99042977 | ||
| 040 |
_aEG-ScBUE _beng _cEG-ScBUE |
||
| 082 | 0 | 4 |
_a621.382 _bHAY _222 |
| 100 | 1 |
_aHaykin, Simon S. _99965 |
|
| 245 | 1 | 0 |
_aCommunication systems / _cSimon Haykin. |
| 250 | _a4th ed. | ||
| 260 |
_aHoboken, New Jersey : _bJohan Wiley & Sons, _cc.2001. |
||
| 300 |
_axviii, 816 p. : _bill. ; _c26 cm. |
||
| 500 | _aIndex : p. 792-816. | ||
| 500 | _aGlossary : p. 771-776. | ||
| 504 | _aBibliography : p. 777-791. | ||
| 590 | _aDoha Ragab | ||
| 650 | 0 |
_aTelecommunication. _99966 _2BUEsh |
|
| 650 | 0 |
_aSignal theory (Telecommunication) _99967 _2BUEsh |
|
| 651 | _2BUEsh | ||
| 653 |
_bENGELC _cAugust2015 |
||
| 856 | 4 | 2 |
_3Publisher description _uhttp://www.loc.gov/catdir/description/wiley032/99042977.html |
| 856 | 4 | 2 |
_3Table of Contents _uhttp://www.loc.gov/catdir/toc/onix02/99042977.html |
| 942 |
_cBB _k621.382 HAY _2ddc |
||
| 999 |
_c862 _d862 |
||